000 01531cam a22002054a 4500
005 20250605164110.0
008 250528s ||||||||||||||||||||||||d
035 _a17885
020 _a9781843983583
040 _aGR-AtMCL
_bgre
_dGR-AtMCL
_eAACR2
245 1 _aHuman Resource Management in Context / Insights, Strategy and Solutions
250 _a4th
260 _bCipd (Chartered Institute of Personnel and Development),
_c2015
300 _a458
520 _aBuilt around five major themes which impact upon the HR function, and mapping to the CIPD level 7 module for the same name, this book will enable the reader to understand the complex and changing organizational context in which HR operates today by providing a comprehensive breakdown of the concepts, theories and issues associated with external and internal contexts. List of Figures and Tables, Preface, HRM and Organizations and Management, Human Resource Management and its External Contexts, Contemporary Organizations and their Internal Contexts, The Managerial and Business Contexts of Organizations, Strategy Formulation and Implementation, Developing Corporate Strategies, Developing Human Resource Strategies, The External Contexts of Human Resource Management, Markets and the Competitive Context, Globalization and International Factors, Demographic and Social Trends, The Technological Context, Government Policy and Legal Regulation, Bibliography, Index.
700 1 _aFarnham David
_94178
942 _cBK
999 _c3284
_d3284